000 00456nam a22001697a 4500
005 20170126105135.0
008 170126b xxu||||| |||| 00| 0 eng d
020 _a9781405193054
040 _cPK-LaUMT
082 _a616.0756
_bLEC-
245 _aLecture notes clinical biochemistry /
_cGeoffrey Beckett . . . [et al.]
250 _a8th ed.
260 _aHoboken :
_bJohn Wiley,
_c2005
300 _a334 p.
650 _aClinical chemistry
942 _cBK
999 _c90510
_d90510